000 00545nam a2200217 a 4500
999 _c7694
_d7694
001 7694
003 BD-JhCC
005 20180215091941.0
008 180213s1957 u p|||| |||| 00| 0 eng d
035 _a(BD-JhCC)
040 _aBD-JhCC
_dBD-JhCC
041 _aeng
082 _a823.91
_bAPP 1957
100 _a L. Apps, Howard
245 _aThe Waters of chance /
_cHoward L. Apps
260 _aLondan :
_bBlackie & son Ltd.
_c1957
300 _a254 p. :
_bill. ;
_c22cm.
650 _aEnglish Short stories
942 _2ddc
_cBK